| 000 | 00997nam a2200289 i 4500 | ||
|---|---|---|---|
| 003 | EG-ScBUE | ||
| 005 | 20240703133849.0 | ||
| 008 | 091209s1950 enk f b 000 0 eng d | ||
| 040 |
_aEG-ScBUE _beng _erda _cEG-ScBUE _dEG-ScBUE |
||
| 041 | 1 |
_aeng _hfre |
|
| 043 | _an-us--- | ||
| 082 | 0 | 4 |
_222 _a973 _bMAU |
| 100 | 1 |
_99511 _aMaurois, Andre, _d1885-1967, _eauthor. |
|
| 245 | 1 | 0 |
_aMy American Journal / _cby Andre Maurois ; translated from the French by Joan Charles. |
| 264 | 1 |
_aLondon : _bThe Falcon Press, _c1950. |
|
| 300 |
_a250 pages ; _c23 cm |
||
| 336 |
_2rdacontent _atext _btxt |
||
| 337 |
_aunmediated _2rdamedia _bn |
||
| 338 |
_avolume _bnc _2rdacarrier |
||
| 546 | _aText in English ; translated from the original French. | ||
| 651 | 7 |
_99510 _aUnited States _xDescription and travel. _2BUEsh |
|
| 651 | 7 |
_99799 _aUnited States _xCivilization. _2BUEsh |
|
| 655 | _vReading book | ||
| 700 | 1 |
_aCharles, Joan, _etranslator. |
|
| 942 |
_2ddc _cBB |
||
| 999 |
_c13013 _d13013 |
||